| 000 | 00470nam a2200133Ia 4500 | ||
|---|---|---|---|
| 008 | 200922s9999 xx 000 0 und d | ||
| 020 | _a978-971-9804-37-6 | ||
| 100 | _aAduana, Nick L. | ||
| 245 |
_cNick L. Aduana _aPartnership and corporation accounting: _ba procedural approach/ |
||
| 260 |
_aManila: _bC&E Publishing _c2016 |
||
| 300 |
_axi, 387 pages _c25 cm. |
||
| 650 | _aCorporation -- accounting -- Philippines | ||
| 650 | _aPartnership -- accounting -- Philippines | ||
| 999 |
_c364390 _d364390 |
||